000 00690nam a22002172 4500
001 0000024474
005 20151217154510.0
008 131217s xx 000 0 eng d
020 _a0191001604 :
040 _aKABU
_cKABU
245 1 0 _aInternational humanitarian law and international human rights law :
_bPas de Deux /
_cedited by Orna Ben-Naftali.
250 _a1st ed.
260 _aOxford :
_bO. U. P.,
_c2011.
300 _axxxv, 388 p.
650 0 _aHumanitarian law.
_@0000181546
650 0 _aHuman rights.
_@0000150298
700 1 _aBen-Naftali, Orna.
_@0000184640
852 1 _9p9315 KES
908 _a131217
950 _@1
999 _c11553
_d11553